000 00299nam a22001337a 4500
999 _c531889
_d531889
003 NUST
038 _awaseem
082 _a821
_bRAK
100 _aRakhsha, A.B.
_925031
245 _aTaah Aab /
_cA.B. Rakhsha
260 _aHaripur :
_bHamza Printers,
_c2005.
300 _a223 p. ;
942 _2ddc
_cBK